Minecraft Mobs - Statistics

General Stats
  • This quiz has been taken 240 times
  • The average score is 25 of 37
Answer Stats
Hint Answer % Correct
Protects Villagers when a mob hurts them Iron Golem
96%
BOOM! BOOM! BOOM! BOOM! Creeper
93%
Tries to eat your brains Zombie
93%
Mmm... Bacon Pig
92%
You get milk from these Cow
91%
Can climb walls Spider
89%
Useless except when getting infinite snow Snow Golem
88%
Teleportation Powers! Endermen
87%
Lives in villages Villager
86%
Feathers Chicken
84%
Revives itself on obsidian towers Ender Dragon
84%
2nd Implemented Boss Wither
82%
Found in a Mushroom Biome Mooshroom
81%
Great when getting a bed Sheep
81%
Shoots Fireballs, and can fly Ghast
79%
Come on Kitty, eat the little Fishy Ocelot
79%
You can tame them Wolf
79%
Rideable with its own armour Horse
78%
Found in caves near cobwebs Cave Spider
76%
Resembles a fiery spinning top Blaze
72%
Is too overpowered Skeleton
67%
Nether version of another animal (Shoots Arrows) Wither Skeleton
64%
You catch this with a fishing rod Fish
62%
Makes Sticky Pistons Slime
62%
Has a gold sword Zombie Pigman
59%
Rare version of the animal above (Has chests on either side) Donkey
58%
New water animal. Gives you nausea when you eat it Pufferfish
58%
Can Fly Bat
55%
Disgusting and Useless Squid
52%
Bouncy Nether Blocks Magma Cube
49%
Tasty animal found in water Salmon
49%
A Zombie can spawn as one when near a village Zombie Villager
46%
A villager turns into one when struck by lightening Witch
45%
Comes out of a block (Its spawner is found in the End Portal room) Silverfish
43%
Rare Mob combination that is too OP Spider Jockey
40%
A new,extremely rare mob combination that includes a baby zombie Chicken Jockey
34%
A funny water creature Clownfish
12%
No matching quizzes found
Score Distribution
Percent of People with Each Score
Percentile by Number Answered
Your Score History
You have not taken this quiz